[Event "Speed Chess Q2"]
[Site "Chess.com INT"]
[Date "2022.11.12"]
[Round "9"]
[White "Podobnik, Marijan"]
[Black "Grot, Blazej"]
[Result "1-0"]
[WhiteElo "2118"]
[BlackElo "1839"]
[PlyCount "89"]
[EventDate "2022.11.12"]
[EventType "swiss (blitz)"]
[EventRounds "14"]
[EventCountry "USA"]
[SourceTitle "CBM 211 Extra"]
[Source "ChessBase"]
[SourceDate "2023.01.31"]
[SourceVersion "1"]
[SourceVersionDate "2023.01.31"]
[SourceQuality "1"]

1. e4 c5 2. c3 e6 3. Nf3 Nf6 4. e5 Nd5 5. d4 cxd4 6. cxd4 b6 7. Nc3 Bb7 8. Bd3 d6 9. 0-0 Nd7 10. Ng5 h6 11. Qh5 hxg5 12. Qxh8 dxe5 13. Nxd5 Bxd5 14. dxe5 Qe7 15. Qh5 Nxe5 16. Bb5+ Nd7 17. Bxg5 Qc5 18. Bxd7+ Kxd7 19. Qxf7+ Be7 20. Qxe7+ Qxe7 21. Bxe7 Kxe7 22. b3 g5 23. Rac1 Kd6 24. Rfe1 a5 25. Rc2 a4 26. b4 a3 27. Re3 Ra4 28. f3 b5 29. h3 Bc4 30. Kf2 Bd5 31. g4 Bc4 32. Kg3 Bd5 33. h4 gxh4+ 34. Kxh4 e5 35. Kg3 Bc4 36. Rcc3 Rxb4 37. Rxa3 Rb2 38. Ra6+ Kd5 39. a3 Rb1 40. Ra8 Rg1+ 41. Kf2 Rf1+ 42. Kg2 Rd1 43. Rd8+ Ke6 44. Rxd1 Kf6 45. Kg3 1-0

[Event "Speed Chess Q2"]
[Site "Chess.com INT"]
[Date "2022.11.12"]
[Round "10"]
[White "Podobnik, Marijan"]
[Black "Matveeva, Olga"]
[Result "1-0"]
[WhiteElo "2118"]
[BlackElo "2111"]
[PlyCount "107"]
[EventDate "2022.11.12"]
[EventType "swiss (blitz)"]
[EventRounds "14"]
[EventCountry "USA"]
[SourceTitle "CBM 211 Extra"]
[Source "ChessBase"]
[SourceDate "2023.01.31"]
[SourceVersion "1"]
[SourceVersionDate "2023.01.31"]
[SourceQuality "1"]

1. e4 e6 2. d4 d5 3. Nd2 c5 4. exd5 Qxd5 5. Ngf3 cxd4 6. Bc4 Qd6 7. 0-0 Nf6 8. Nb3 Nc6 9. Nbxd4 Nxd4 10. Qxd4 Qxd4 11. Nxd4 Bc5 12. Nb3 Bb6 13. Be2 a5 14. a4 Bd7 15. Bf3 Bc6 16. Bxc6+ bxc6 17. Nd2 Ke7 18. Nc4 Bc5 19. Bd2 Bb4 20. Bxb4+ axb4 21. a5 Ra6 22. Ra4 Nd5 23. Rfa1 c5 24. Kf1 Rha8 25. g3 g5 26. Ke2 g4 27. Kd3 f5 28. Ne5 Kd6 29. Nc4+ Kc6 30. Ne5+ Kb5 31. c4+ bxc3 32. bxc3 c4+ 33. Nxc4 Kc5 34. Ne5 Rd8 35. Kc2 h5 36. Rc4+ Kd6 37. Nf7+ Ke7 38. Nxd8 Kxd8 39. Kb3 Kd7 40. Ra3 Kd6 41. Rc8 f4 42. c4 Nf6 43. gxf4 Ne4 44. Ra2 Nc5+ 45. Kc3 h4 46. Rg8 Ne4+ 47. Kd4 Nf6 48. Rg6 Ke7 49. Rh6 h3 50. Rh8 Kd6 51. Rb8 Nd7 52. Rg8 Nf6 53. c5+ Kc6 54. Rg6 1-0

[Event "Speed Chess Q2"]
[Site "Chess.com INT"]
[Date "2022.11.12"]
[Round "6"]
[White "Podobnik, Marijan"]
[Black "Mika, Tomasz1111"]
[Result "1/2-1/2"]
[WhiteElo "2118"]
[BlackElo "2185"]
[PlyCount "69"]
[EventDate "2022.11.12"]
[EventType "swiss (blitz)"]
[EventRounds "14"]
[EventCountry "USA"]
[SourceTitle "CBM 211 Extra"]
[Source "ChessBase"]
[SourceDate "2023.01.31"]
[SourceVersion "1"]
[SourceVersionDate "2023.01.31"]
[SourceQuality "1"]

1. e4 c6 2. d4 d5 3. exd5 cxd5 4. c4 Nc6 5. cxd5 Qxd5 6. Nf3 e6 7. Be2 Bb4+ 8. Nc3 Nf6 9. 0-0 Bxc3 10. bxc3 0-0 11. c4 Qd6 12. Be3 Rd8 13. h3 b6 14. Qa4 Bb7 15. Rfd1 Rac8 16. Rac1 Na5 17. Ne5 Nd7 18. c5 Qe7 19. Nxd7 Qxd7 20. Qxd7 Rxd7 21. cxb6 Rxc1 22. Rxc1 axb6 23. Rb1 Rd6 24. d5 Bxd5 25. Rxb6 Rxb6 26. Bxb6 Nc4 27. Bxc4 Bxc4 28. a4 f6 29. a5 Kf7 30. f4 e5 31. fxe5 fxe5 32. Kf2 Ke6 33. g3 Ba6 34. Ke3 g6 35. h4 1/2-1/2

[Event "CRO-chT2 West"]
[Site "Croatia"]
[Date "2017.10.22"]
[Round "9"]
[White "Ghersinich, Enrico"]
[Black "Podobnik, Marijan"]
[Result "1/2-1/2"]
[WhiteElo "2086"]
[BlackElo "2146"]
[PlyCount "112"]
[EventDate "2017.03.25"]
[EventType "team-tourn"]
[EventRounds "9"]
[EventCountry "CRO"]
[SourceTitle "EXT 2020"]
[Source "ChessBase"]
[SourceDate "2019.10.17"]
[SourceVersion "1"]
[SourceVersionDate "2019.10.17"]
[SourceQuality "1"]

1. e4 Nf6 2. e5 Nd5 3. d4 d6 4. c4 Nb6 5. exd6 exd6 6. Nc3 Be7 7. Bd3 Nc6 8. Nge2 Bg4 9. f3 Bh5 10. b3 Bg6 11. 0-0 0-0 12. Bb2 Bf6 13. Bxg6 hxg6 14. Qd2 d5 15. c5 Nc8 16. Rae1 N8e7 17. Nd1 Re8 18. b4 a6 19. g4 g5 20. h4 Ng6 21. h5 Nf8 22. Ne3 Ne6 23. Nf5 Ne7 24. Neg3 Nf4 25. Nxe7+ Rxe7 26. Nf5 Re6 27. Rxe6 fxe6 28. Ne3 Qd7 29. Ng2 Nxg2 30. Kxg2 Rf8 31. Re1 Bd8 32. Qe2 Re8 33. Qd3 Rf8 34. Bc1 Bf6 35. Be3 Qf7 36. Bf2 Bd8 37. Bg3 Bf6 38. Re3 Re8 39. Be5 Re7 40. c6 b6 41. Qxa6 Bxe5 42. Rxe5 Qf4 43. Qd3 Qc1 44. b5 Qb2+ 45. Re2 Qc1 46. h6 Qf4 47. hxg7 Kxg7 48. Qa3 Kf6 49. Qa8 Kg7 50. Qa3 Kf6 51. Qd3 Qc1 52. a4 Qf4 53. Re5 Qc1 54. Qe2 Qf4 55. Qd3 Rh7 56. Qxh7 Qxf3+ 1/2-1/2

[Event "CRO-chT2 West"]
[Site "Croatia"]
[Date "2017.10.21"]
[Round "7"]
[White "Levar, Nenad"]
[Black "Podobnik, Marijan"]
[Result "1/2-1/2"]
[WhiteElo "2035"]
[BlackElo "2146"]
[PlyCount "20"]
[EventDate "2017.03.25"]
[EventType "team-tourn"]
[EventRounds "9"]
[EventCountry "CRO"]
[SourceTitle "EXT 2020"]
[Source "ChessBase"]
[SourceDate "2019.10.17"]
[SourceVersion "1"]
[SourceVersionDate "2019.10.17"]
[SourceQuality "1"]

1. Nf3 Nf6 2. c4 g6 3. g3 c6 4. Bg2 Bg7 5. 0-0 0-0 6. Nc3 d5 7. cxd5 cxd5 8. d4 Ne4 9. Nxe4 dxe4 10. Ng5 Qxd4 1/2-1/2

[Event "CRO-chT2 West"]
[Site "Croatia"]
[Date "2017.04.08"]
[Round "4.4"]
[White "Podobnik, Marijan"]
[Black "Barcal, Aleksandar"]
[Result "1-0"]
[WhiteElo "2143"]
[BlackElo "2008"]
[PlyCount "77"]
[EventDate "2017.03.25"]
[EventType "team-tourn"]
[EventRounds "9"]
[EventCountry "CRO"]
[SourceTitle "EXT 2020"]
[Source "ChessBase"]
[SourceDate "2019.10.17"]
[SourceVersion "1"]
[SourceVersionDate "2019.10.17"]
[SourceQuality "1"]

1. e4 d6 2. d4 Nf6 3. Nc3 g6 4. f4 Bg7 5. Bd3 c6 6. Nf3 b5 7. e5 dxe5 8. dxe5 Nd5 9. Nxd5 Qxd5 10. Qe2 a6 11. Be4 Qc5 12. c3 Be6 13. Be3 Qc4 14. Bd3 Qd5 15. Ng5 f6 16. Nxe6 Qxe6 17. 0-0 Nd7 18. exf6 Nxf6 19. f5 Qe5 20. Bd4 Qxe2 21. Bxe2 g5 22. Bf3 Rc8 23. Rfe1 c5 24. Be3 a5 25. Bxg5 Kf7 26. Re2 Rhd8 27. Rae1 Rd7 28. Re6 b4 29. c4 Rcc7 30. Bf4 Rc8 31. g4 Rd4 32. Rxe7+ Kf8 33. Bg3 Re8 34. Rxe8+ Nxe8 35. b3 Nf6 36. h3 Rd2 37. g5 Rxa2 38. gxf6 Bxf6 39. Bd6+ 1-0

[Event "CRO-chT2W"]
[Site "Croatia"]
[Date "2016.03.06"]
[Round "3.4"]
[White "Grguric, Domagoj"]
[Black "Podobnik, Marijan"]
[Result "1/2-1/2"]
[WhiteElo "2045"]
[BlackElo "2143"]
[PlyCount "61"]
[EventDate "2016.03.05"]
[EventType "team-tourn"]
[EventRounds "9"]
[EventCountry "CRO"]
[SourceTitle "CBM 171 Extra"]
[Source "ChessBase"]
[SourceDate "2016.04.26"]
[SourceVersion "1"]
[SourceVersionDate "2016.04.26"]
[SourceQuality "1"]
[WhiteTeam "Ravna Gora Goranka"]
[BlackTeam "Rijeka Kvarner"]
[WhiteTeamCountry "CRO"]
[BlackTeamCountry "CRO"]

1. e4 Nf6 2. e5 Nd5 3. d4 d6 4. c4 Nb6 5. Nf3 g6 6. exd6 cxd6 7. b3 Bg7 8. Bb2 0-0 9. Be2 Nc6 10. 0-0 Bg4 11. Nbd2 d5 12. c5 Nc8 13. h3 Bxf3 14. Nxf3 e6 15. Qd2 N8e7 16. b4 Nf5 17. b5 Na5 18. Qb4 b6 19. c6 Re8 20. Rac1 Rc8 21. Rc2 Bf8 22. Qa4 Bd6 23. Bc3 Bc7 24. Rd1 Nd6 25. Nd2 f5 26. Bb4 Ne4 27. Nxe4 fxe4 28. Qa3 Bb8 29. Qe3 Qh4 30. Bf1 Bc7 31. g3 1/2-1/2

[Event "CRO-chT2 West"]
[Site "Croatia"]
[Date "2015.02.21"]
[Round "1.3"]
[White "Podobnik, Marijan"]
[Black "Hajdo, Dalia"]
[Result "1-0"]
[WhiteElo "2174"]
[BlackElo "1899"]
[PlyCount "49"]
[EventDate "2015.02.21"]
[EventType "team-tourn"]
[EventRounds "9"]
[EventCountry "CRO"]
[SourceTitle "EXT 2016"]
[Source "ChessBase"]
[SourceDate "2015.10.08"]
[SourceVersion "1"]
[SourceVersionDate "2015.10.08"]
[SourceQuality "1"]
[WhiteTeam "Rijeka Kvarner"]
[BlackTeam "Rijeka Rijeka II"]
[WhiteTeamCountry "CRO"]
[BlackTeamCountry "CRO"]

1. e4 e6 2. d4 d5 3. Nd2 Nf6 4. e5 Nfd7 5. Bd3 c5 6. c3 cxd4 7. cxd4 Nc6 8. Ne2 Qh4 9. Nf3 Bb4+ 10. Bd2 Bxd2+ 11. Qxd2 Qg4 12. 0-0 f6 13. h3 Qh5 14. Nf4 Qf7 15. exf6 gxf6 16. Nxe6 Nf8 17. Nxf8 Kxf8 18. Qh6+ Kg8 19. Rfe1 Nb4 20. Ng5 fxg5 21. Re5 Qf8 22. Qxg5+ Kf7 23. Rae1 Nc6 24. Qf4+ Kg8 25. Rg5+ 1-0

[Event "CRO-chT2 West"]
[Site "Croatia"]
[Date "2014.03.16"]
[Round "2.44"]
[White "Barcal, Aleksandar"]
[Black "Podobnik, Marijan"]
[Result "0-1"]
[WhiteElo "2072"]
[BlackElo "2163"]
[PlyCount "87"]
[EventDate "2014.03.15"]
[EventType "team-tourn"]
[EventRounds "9"]
[EventCountry "CRO"]
[SourceTitle "EXT 2019"]
[Source "ChessBase"]
[SourceDate "2018.10.10"]
[SourceVersion "1"]
[SourceVersionDate "2018.10.10"]
[SourceQuality "1"]
[WhiteTeam "Buje"]
[BlackTeam "Rijeka Kvarner"]
[WhiteTeamCountry "CRO"]
[BlackTeamCountry "CRO"]

1. e4 Nf6 2. e5 Nd5 3. d4 d6 4. exd6 cxd6 5. c3 g6 6. Bd3 Bg7 7. Ne2 Nc6 8. 0-0 0-0 9. f4 Bg4 10. Qb3 Bxe2 11. Bxe2 Nb6 12. d5 Nb8 13. Be3 N8d7 14. Nd2 Qc7 15. Ne4 Nf6 16. Nxf6+ Bxf6 17. Bxb6 Qxb6+ 18. Qxb6 axb6 19. Bc4 Rfc8 20. Bb3 Rc5 21. Rfe1 Kf8 22. Re4 Raa5 23. Rb4 Rxc3 24. Rxb6 Rc7 25. Rb4 Bxb2 26. Rb1 Bc3 27. Rc4 Rxc4 28. Bxc4 Bd4+ 29. Kf1 b6 30. Ke2 Bc5 31. Kd3 Ra4 32. Rf1 b5 33. Bb3 Rd4+ 34. Ke2 Re4+ 35. Kf3 Re3+ 36. Kg4 h5+ 37. Kh4 Kg7 38. f5 Re4+ 39. Kg3 g5 40. h3 h4+ 41. Kh2 Bd4 42. Rf3 Be5+ 43. Kg1 Bg3 44. Kf1 0-1

[Event "CRO-chT2 West"]
[Site "Croatia"]
[Date "2014.03.15"]
[Round "1.24"]
[White "Podobnik, Marijan"]
[Black "Hajdo, Dalia"]
[Result "1-0"]
[WhiteElo "2163"]
[BlackElo "1927"]
[PlyCount "73"]
[EventDate "2014.03.15"]
[EventType "team-tourn"]
[EventRounds "9"]
[EventCountry "CRO"]
[SourceTitle "EXT 2019"]
[Source "ChessBase"]
[SourceDate "2018.10.10"]
[SourceVersion "1"]
[SourceVersionDate "2018.10.10"]
[SourceQuality "1"]
[WhiteTeam "Rijeka Kvarner"]
[BlackTeam "Rijeka CC II"]
[WhiteTeamCountry "CRO"]
[BlackTeamCountry "CRO"]

1. e4 e6 2. d4 d5 3. Nd2 Nf6 4. e5 Nfd7 5. Bd3 c5 6. c3 Nc6 7. Ne2 f6 8. Nf4 Qe7 9. exf6 Nxf6 10. 0-0 Qf7 11. Nf3 Ne4 12. Bxe4 dxe4 13. Ng5 Qf5 14. Nh5 cxd4 15. Ng3 Qd5 16. N5xe4 Be7 17. cxd4 Nxd4 18. Be3 Nc6 19. Qe2 0-0 20. Rfd1 Qe5 21. Rac1 Nb4 22. a3 Nd5 23. Bd4 Qf4 24. Bxg7 Rf7 25. Nh5 Qf5 26. Rxd5 exd5 27. Nef6+ Rxf6 28. Bxf6 Bf8 29. Bd4 Bd7 30. Nf6+ Kf7 31. Nxd7 Qxd7 32. Qh5+ Kg8 33. Rc3 Bg7 34. Rg3 Rc8 35. h3 Rc1+ 36. Kh2 Qd6 37. Qe8+ 1-0

[Event "CRO-chT2 West"]
[Site "Croatia"]
[Date "2013.10.19"]
[Round "7.44"]
[White "Podobnik, Marijan"]
[Black "Brenc, Tomislav"]
[Result "1-0"]
[WhiteElo "2175"]
[BlackElo "2042"]
[PlyCount "71"]
[EventDate "2013.03.16"]
[EventType "team-tourn"]
[EventRounds "9"]
[EventCountry "CRO"]
[SourceTitle "EXT 2019"]
[Source "ChessBase"]
[SourceDate "2018.10.10"]
[SourceVersion "1"]
[SourceVersionDate "2018.10.10"]
[SourceQuality "1"]
[WhiteTeam "Rijeka Kvarner"]
[BlackTeam "Ravna Gora Goranka"]
[WhiteTeamCountry "CRO"]
[BlackTeamCountry "CRO"]

1. e4 c5 2. Nf3 a6 3. c3 e6 4. d4 d5 5. exd5 Qxd5 6. Be2 Nf6 7. 0-0 cxd4 8. cxd4 Nc6 9. Nc3 Qd6 10. Bg5 Be7 11. Bh4 0-0 12. Bg3 Qd8 13. Rc1 b6 14. a3 Bb7 15. Qb3 Rc8 16. Rfd1 Na5 17. Qa2 Nd5 18. Ne5 Bg5 19. Rc2 b5 20. Qb1 Nf4 21. Bf3 Bxf3 22. Nxf3 Nd5 23. Ne4 Bf4 24. Nc5 Bxg3 25. hxg3 Qd6 26. Ne5 f6 27. Ned3 Nc4 28. Re2 e5 29. dxe5 Nxe5 30. Ne4 Qe6 31. Nxe5 Qxe5 32. Qa2 Rc4 33. Rde1 Re8 34. Nd2 Qxe2 35. Rxe2 Rxe2 36. Nxc4 1-0

[Event "CRO-chT2 West"]
[Site "Croatia"]
[Date "2013.03.17"]
[Round "2.53"]
[White "Podobnik, Marijan"]
[Black "Muslija, Idris"]
[Result "0-1"]
[WhiteElo "2175"]
[BlackElo "2270"]
[PlyCount "142"]
[EventDate "2013.03.16"]
[EventType "team-tourn"]
[EventRounds "9"]
[EventCountry "CRO"]
[SourceTitle "EXT 2019"]
[Source "ChessBase"]
[SourceDate "2018.10.10"]
[SourceVersion "1"]
[SourceVersionDate "2018.10.10"]
[SourceQuality "1"]
[WhiteTeam "Rijeka Kvarner"]
[BlackTeam "Karlobag"]
[WhiteTeamCountry "CRO"]
[BlackTeamCountry "CRO"]

1. e4 c6 2. d4 d5 3. exd5 cxd5 4. c4 Nf6 5. Nc3 dxc4 6. Bxc4 e6 7. Nf3 Be7 8. 0-0 0-0 9. Be3 Nc6 10. a3 b6 11. Rc1 Bb7 12. Qe2 Rc8 13. Rfd1 Qc7 14. h3 Qb8 15. Ba2 Na5 16. Ne5 Qa8 17. f3 Nd5 18. Nxd5 Bxd5 19. b4 Bxa2 20. Qxa2 Nc6 21. Nxc6 Rxc6 22. Rxc6 Qxc6 23. d5 Qa4 24. Rd3 Rd8 25. Qd2 Qd7 26. Qb2 Qb5 27. Qb3 Rxd5 28. Rxd5 exd5 29. Bd4 f6 30. Qe3 Kf7 31. f4 Bd6 32. f5 Qe8 33. Qxe8+ Kxe8 34. Kf2 Kd7 35. Ke3 Kc6 36. Kd3 Kb5 37. Kc3 Be5 38. Bxe5 fxe5 39. g4 Kc6 40. a4 a6 41. g5 b5 42. axb5+ axb5 43. Kd3 Kd6 44. h4 e4+ 45. Kd4 e3 46. Kxe3 Ke5 47. Kd3 Kxf5 48. Kd4 Kg4 49. Kxd5 Kxh4 50. Kc5 Kxg5 51. Kxb5 h5 52. Kc5 h4 53. b5 h3 54. b6 h2 55. b7 h1Q 56. b8Q Qc1+ 57. Kd5 Qd2+ 58. Ke4 Qe2+ 59. Kd4 Qf2+ 60. Kd3 Qf3+ 61. Kc2 Kg4 62. Kb2 g5 63. Ka2 Kh3 64. Qh8+ Kg2 65. Qh6 g4 66. Qg5 g3 67. Qg6 Kh2 68. Qh6+ Kg1 69. Qg5 g2 70. Qc1+ Qf1 71. Qh6 Qe1 0-1

[Event "CRO-chT2 West"]
[Site "Rijeka"]
[Date "2012.10.13"]
[Round "7.14"]
[White "Crnkovic, Zdravko"]
[Black "Podobnik, Marijan"]
[Result "1/2-1/2"]
[WhiteElo "2071"]
[BlackElo "2173"]
[PlyCount "71"]
[EventDate "2012.03.17"]
[EventType "team-tourn"]
[EventRounds "9"]
[EventCountry "CRO"]
[SourceTitle "EXT 2013"]
[Source "ChessBase"]
[SourceDate "2012.11.22"]
[SourceVersion "1"]
[SourceVersionDate "2012.11.22"]
[SourceQuality "1"]

1. e4 Nf6 2. e5 Nd5 3. d4 d6 4. f4 Bf5 5. Bd2 e6 6. Nf3 Be7 7. c4 Nb6 8. Be2 0-0 9. 0-0 c5 10. Nc3 Nc6 11. d5 exd5 12. Nxd5 dxe5 13. Ne3 Bd3 14. fxe5 Bxe2 15. Qxe2 Nd4 16. Nxd4 Qxd4 17. Bc3 Qe4 18. b3 Bg5 19. Rae1 Bxe3+ 20. Qxe3 Qxe3+ 21. Rxe3 Rfe8 22. Rd3 Rad8 23. Rfd1 Rxd3 24. Rxd3 Kf8 25. a4 Ke7 26. a5 Nd7 27. Rh3 Nf8 28. b4 b6 29. bxc5 bxc5 30. Bd2 Rb8 31. Be3 Ne6 32. Rxh7 Rb4 33. Rh8 Rxc4 34. Ra8 Nd4 35. Rxa7+ Ke6 36. Rc7 1/2-1/2

[Event "CRO-chT2 West"]
[Site "Croatia"]
[Date "2011.11.06"]
[Round "8.13"]
[White "Podobnik, Marijan"]
[Black "Tomic, Boris"]
[Result "1/2-1/2"]
[WhiteElo "2192"]
[BlackElo "2089"]
[PlyCount "28"]
[EventDate "2011.03.12"]
[EventType "team-tourn"]
[EventRounds "9"]
[EventCountry "CRO"]
[SourceTitle "EXT 2014"]
[Source "ChessBase"]
[SourceDate "2013.11.20"]
[SourceVersion "1"]
[SourceVersionDate "2013.11.20"]
[SourceQuality "1"]

1. e4 e6 2. d4 d5 3. Nd2 Nc6 4. Ngf3 Nf6 5. e5 Nd7 6. Be2 Be7 7. Nf1 f6 8. exf6 Bxf6 9. Ne3 0-0 10. 0-0 Nb6 11. Ng4 Qd6 12. Nxf6+ gxf6 13. Bh6 Re8 14. Bb5 e5 1/2-1/2

[Event "CRO-Cup 20th"]
[Site "Sibenik"]
[Date "2011.05.20"]
[Round "4.122"]
[White "Podobnik, Marijan"]
[Black "Katavic, Borivoj"]
[Result "1-0"]
[WhiteElo "2180"]
[BlackElo "2212"]
[PlyCount "57"]
[EventDate "2011.05.18"]
[EventType "team-swiss"]
[EventRounds "6"]
[EventCountry "CRO"]
[SourceTitle "CBM 142 Extra"]
[Source "ChessBase"]
[SourceDate "2011.06.27"]
[SourceVersion "1"]
[SourceVersionDate "2011.06.27"]
[SourceQuality "1"]
[WhiteTeam "Rijeka Kvarner"]
[BlackTeam "Split"]
[WhiteTeamCountry "CRO"]
[BlackTeamCountry "CRO"]

1. e4 c5 2. c3 d5 3. exd5 Qxd5 4. d4 Nc6 5. Nf3 Bg4 6. Be2 cxd4 7. cxd4 e5 8. Nc3 Bb4 9. 0-0 Bxc3 10. bxc3 Bxf3 11. Bxf3 e4 12. Bxe4 Qd6 13. Qf3 Nge7 14. Bf4 Qd7 15. d5 Na5 16. d6 Nec6 17. Bxc6 Nxc6 18. Rfe1+ Kf8 19. Rad1 Kg8 20. h4 h6 21. h5 Rd8 22. Bg3 Kh7 23. Bh4 f6 24. Qd3+ Kg8 25. Re3 Ne5 26. Rxe5 fxe5 27. Bxd8 Qxd8 28. Qd5+ Kf8 29. d7 1-0

[Event "CRO-chT2 West"]
[Site "Croatia"]
[Date "2011.04.09"]
[Round "4.13"]
[White "Podobnik, Marijan"]
[Black "Muslija, Idris"]
[Result "1/2-1/2"]
[WhiteElo "2192"]
[BlackElo "2231"]
[PlyCount "66"]
[EventDate "2011.03.12"]
[EventType "team-tourn"]
[EventRounds "9"]
[EventCountry "CRO"]
[SourceTitle "EXT 2014"]
[Source "ChessBase"]
[SourceDate "2013.11.20"]
[SourceVersion "1"]
[SourceVersionDate "2013.11.20"]
[SourceQuality "1"]

1. e4 c5 2. c3 d5 3. exd5 Qxd5 4. d4 Nf6 5. Nf3 e6 6. Na3 a6 7. Nc4 Nbd7 8. Be3 Ng4 9. Be2 b5 10. h3 Nxe3 11. Nxe3 Qd6 12. 0-0 Nb6 13. Ne5 cxd4 14. cxd4 Bb7 15. Bf3 Nd5 16. a4 Be7 17. axb5 0-0 18. Nxd5 exd5 19. bxa6 Bxa6 20. Re1 Rfb8 21. Nc6 Qxc6 22. Rxe7 Rxb2 23. Bxd5 Qxd5 24. Rxa6 Rab8 25. Qa4 R2b5 26. Re5 Rb1+ 27. Kh2 Qd8 28. Ra7 h6 29. Rae7 Qd6 30. Re8+ Kh7 31. Rxb8 Rxb8 32. Qc2+ Kg8 33. Qc5 Rd8 1/2-1/2

[Event "CRO-chT2 West"]
[Site "Croatia"]
[Date "2010.10.24"]
[Round "9.14"]
[White "Podobnik, Marijan"]
[Black "Tomic, Boris"]
[Result "1/2-1/2"]
[WhiteElo "2201"]
[BlackElo "2078"]
[PlyCount "34"]
[EventDate "2010.03.27"]
[EventType "team-tourn"]
[EventRounds "9"]
[EventCountry "CRO"]
[SourceTitle "EXT 2012"]
[Source "ChessBase"]
[SourceDate "2011.11.24"]
[SourceVersion "1"]
[SourceVersionDate "2011.11.24"]
[SourceQuality "1"]

1. e4 e6 2. d4 d5 3. Nd2 Nc6 4. Ngf3 Nf6 5. e5 Ne4 6. Bd3 f5 7. exf6 Nxf6 8. c3 Bd6 9. 0-0 0-0 10. Re1 a6 11. Ne5 Ne7 12. Ndf3 b6 13. Bg5 h6 14. Bh4 Nf5 15. Bg3 Nxg3 16. hxg3 Bb7 17. Re2 Ne4 1/2-1/2

[Event "CRO-chT2 West"]
[Site "Croatia"]
[Date "2010.10.23"]
[Round "7.24"]
[White "Podobnik, Marijan"]
[Black "Zelenika, Srdjan"]
[Result "0-1"]
[WhiteElo "2201"]
[BlackElo "2297"]
[PlyCount "90"]
[EventDate "2010.03.27"]
[EventType "team-tourn"]
[EventRounds "9"]
[EventCountry "CRO"]
[SourceTitle "EXT 2012"]
[Source "ChessBase"]
[SourceDate "2011.11.24"]
[SourceVersion "1"]
[SourceVersionDate "2011.11.24"]
[SourceQuality "1"]

1. e4 e6 2. d4 d5 3. Nd2 Nf6 4. Bd3 c5 5. e5 Nfd7 6. c3 Nc6 7. Ne2 cxd4 8. cxd4 f6 9. exf6 Nxf6 10. Nf3 Bd6 11. 0-0 Qc7 12. Nc3 a6 13. h3 0-0 14. Be3 Bd7 15. Rc1 Be8 16. Na4 Qe7 17. Nc5 h6 18. Re1 Nh5 19. Bb1 Rf6 20. Nd3 Nf4 21. Nfe5 Nxd3 22. Qxd3 Nxe5 23. Qh7+ Kf8 24. dxe5 Bxe5 25. Bg5 Bxb2 26. Bxf6 Bxf6 27. Re3 Rd8 28. Rg3 Qf7 29. a4 Bxa4 30. Rf3 Bc6 31. h4 Ke7 32. h5 Qxh5 33. Bg6 Qe5 34. Re3 Qg5 35. Rce1 e5 36. Rxe5+ Qxe5 37. Rxe5+ Bxe5 38. Bd3 a5 39. Qf5 Kd6 40. f4 Bd4+ 41. Kh2 a4 42. Bb1 b5 43. Qd3 Kc5 44. Qc2+ Kb6 45. Ba2 Bc5 0-1

[Event "CRO-Cup 19th"]
[Site "Sibenik"]
[Date "2010.05.19"]
[Round "1"]
[White "Podobnik, Marijan"]
[Black "Jovanovic, Zoran"]
[Result "0-1"]
[WhiteElo "2222"]
[BlackElo "2526"]
[PlyCount "104"]
[EventDate "2010.05.19"]
[EventType "team-tourn"]
[EventRounds "6"]
[EventCountry "CRO"]
[SourceTitle "CBM 136 Extra"]
[Source "ChessBase"]
[SourceDate "2010.07.02"]
[SourceVersion "2"]
[SourceVersionDate "2010.07.15"]
[SourceQuality "1"]

1. e4 d6 2. d4 Nf6 3. Nc3 e5 4. dxe5 dxe5 5. Qxd8+ Kxd8 6. Bg5 c6 7. 0-0-0+ Ke8 8. Bc4 Nbd7 9. f3 h6 10. Be3 Bc5 11. Bxc5 Nxc5 12. a4 a5 13. Nge2 Nfd7 14. b3 Nb6 15. Bd3 Ke7 16. Kb2 Be6 17. Nc1 g6 18. Rhe1 Rad8 19. Bf1 Rxd1 20. Rxd1 f5 21. Nd3 Nbd7 22. Re1 Kf6 23. Nb1 Nxd3+ 24. Bxd3 Nc5 25. Kc3 Rd8 26. Nd2 f4 27. Nc4 Bxc4 28. Bxc4 g5 29. Re2 Rd1 30. Rd2 Rg1 31. Rd6+ Ke7 32. Rxh6 Rxg2 33. b4 Nxa4+ 34. Kb3 Nb6 35. Rh7+ Kd6 36. Rh6+ Kc7 37. Rh7+ Kb8 38. bxa5 Nxc4 39. Kxc4 Rxc2+ 40. Kb4 Ka7 41. Rg7 Rxh2 42. Rxg5 Rf2 43. Rxe5 Rxf3 44. Rf5 Rf1 45. e5 f3 46. e6 Re1 47. Rxf3 Re4+ 48. Kc5 Rxe6 49. Rb3 Re5+ 50. Kd6 Rd5+ 51. Kc7 Rb5 52. Ra3 Ka6 0-1

[Event "CRO-chT2 West"]
[Site "Croatia"]
[Date "2010.04.25"]
[Round "6.42"]
[White "Grguric, Domagoj"]
[Black "Podobnik, Marijan"]
[Result "0-1"]
[WhiteElo "1935"]
[BlackElo "2201"]
[PlyCount "92"]
[EventDate "2010.03.27"]
[EventType "team-tourn"]
[EventRounds "9"]
[EventCountry "CRO"]
[SourceTitle "EXT 2012"]
[Source "ChessBase"]
[SourceDate "2011.11.24"]
[SourceVersion "1"]
[SourceVersionDate "2011.11.24"]
[SourceQuality "1"]

1. e4 Nf6 2. e5 Nd5 3. d4 d6 4. c4 Nb6 5. f4 Bf5 6. Be3 e6 7. Nc3 dxe5 8. fxe5 Bb4 9. Nf3 c5 10. a3 cxd4 11. axb4 dxe3 12. Qxd8+ Kxd8 13. c5 N6d7 14. Bb5 Nc6 15. Bxc6 bxc6 16. Ra6 Kc7 17. Ke2 Rhb8 18. b5 Bd3+ 19. Kxd3 Nxc5+ 20. Kc2 Nxa6 21. bxa6 Rb6 22. Ra1 Rab8 23. Ra2 Rb4 24. g3 Rd8 25. Ra4 Rxa4 26. Nxa4 h6 27. h4 Rb8 28. Nc3 Rb4 29. Ne2 c5 30. Kc3 Kc6 31. Nf4 Ra4 32. Kd3 Rxa6 33. Kxe3 Rb6 34. Nh5 g6 35. Nf6 Rxb2 36. Ng8 a5 37. Ne1 a4 38. Kd3 a3 39. Kc3 Rb1 40. Nc2 a2 41. Nxh6 Rc1 42. Kb2 Rxc2+ 43. Ka1 Rg2 44. Nxf7 Rxg3 45. Kxa2 Kd5 46. Ng5 Rxg5 0-1

[Event "CRO-chT2 West"]
[Site "Croatia"]
[Date "2010.03.28"]
[Round "2.23"]
[White "Grguric, Dragan"]
[Black "Podobnik, Marijan"]
[Result "1/2-1/2"]
[WhiteElo "2143"]
[BlackElo "2201"]
[PlyCount "57"]
[EventDate "2010.03.27"]
[EventType "team-tourn"]
[EventRounds "9"]
[EventCountry "CRO"]
[SourceTitle "EXT 2012"]
[Source "ChessBase"]
[SourceDate "2011.11.24"]
[SourceVersion "1"]
[SourceVersionDate "2011.11.24"]
[SourceQuality "1"]

1. e4 Nf6 2. Nc3 d5 3. exd5 Nxd5 4. Bc4 Nb6 5. Bb3 Nc6 6. Nf3 Bf5 7. d3 e6 8. Bf4 Bd6 9. Qd2 0-0 10. h3 Bxf4 11. Qxf4 Qd6 12. Qh4 Ne5 13. 0-0-0 Nxf3 14. gxf3 Nd5 15. Bxd5 exd5 16. Qg5 Qd7 17. Rdg1 f6 18. Qg3 Rf7 19. Re1 c6 20. h4 Re8 21. h5 Rfe7 22. Rxe7 Qxe7 23. Qf4 Qe5 24. Qa4 h6 25. Qxa7 Qf4+ 26. Kb1 Qh2 27. Rc1 Bc8 28. Qc5 Qxh5 29. a4 1/2-1/2